00354nam a2200121 a 450000500170000000800410001702000150005805000270007310000170010024500400011726000530015730000220021020140310183320.0060303s19uu xx 00 eng d a0425147517 aPS 3561.O55b.K82 1995 aKoontz, Dean aThe key to midnight /cDean Koontz. aNew York :bThe Berkley Publishing Group,c1995. a419 p. :c18 cm.